QUANTITATIVE ANALYSIS OF CARBON BLACK AGGLOMERATES MORPHOLOGY IN ELASTOMER COMPOSITES BASED ON X-RAY TOMOGRAPHY BY MEANS OF NUMERICAL CLUSTERING (Record no. 75312)

MARC details
000 -LEADER
fixed length control field 01513nam a22002177a 4500
100 ## - MAIN ENTRY--AUTHOR NAME
Personal name Kallungal, J.
245 ## - TITLE STATEMENT
Title QUANTITATIVE ANALYSIS OF CARBON BLACK AGGLOMERATES MORPHOLOGY IN ELASTOMER COMPOSITES BASED ON X-RAY TOMOGRAPHY BY MEANS OF NUMERICAL CLUSTERING
260 ## - PUBLICATION, DISTRIBUTION, ETC. (IMPRINT)
Name of publisher Rubber Chemistry and Technology, 96(1): 2023. 90-113.
Year of publication 2023
520 ## - SUMMARY, ETC.
Summary, etc A novel methodology for characterizing the morphology distribution of filler agglomerates in elastomer composites is presented based on laboratory-sourced X-ray tomography. Various feature extraction methods (via, e.g., image-processing filters, segmentation) and selection tools (Spearman's rank correlation coefficient) combined with K-means unsupervised clustering algorithm were developed for identifying the distinct morphological classes in model materials (carbon-filled ethylene propylene diene monomer rubber). The interest of this methodology was demonstrated by precisely differentiating the materials compounded with different processing parameters. For instance, in this example, thanks to this analysis, it was found that introducing the filler before the elastomer in internal mixer tends to favor more structured agglomerates.
650 ## - SUBJECT ADDED ENTRY--TOPICAL TERM
Topical Term Carbon black
650 ## - SUBJECT ADDED ENTRY--TOPICAL TERM
Topical Term Elastomer composites
700 ## - ADDED ENTRY--PERSONAL NAME
Personal name Chazeau, L
700 ## - ADDED ENTRY--PERSONAL NAME
Personal name Chenal, J.M.
700 ## - ADDED ENTRY--PERSONAL NAME
Personal name Adrien, J
700 ## - ADDED ENTRY--PERSONAL NAME
Personal name Maire, E
700 ## - ADDED ENTRY--PERSONAL NAME
Personal name Barres, C.
700 ## - ADDED ENTRY--PERSONAL NAME
Personal name Cantaloube, B.
700 ## - ADDED ENTRY--PERSONAL NAME
Personal name Heuillet, P.
856 ## - ELECTRONIC LOCATION AND ACCESS
Uniform Resource Identifier https://doi.org/10.5254/rct.22.77979
942 ## - ADDED ENTRY ELEMENTS (KOHA)
Koha item type Journals
Holdings
Withdrawn status Lost status Damaged status Not for loan Home library Current library Date acquired Koha item type
        RRII Library RRII Library 04/07/2024 Journals